00853 a2200229 4500001000700000003000400007005001700011008004100028020001800069082001800087100002500105245010500130260004500235300001000280490003700290690008500327700003000412700002700442942001200469999001500481952012700496131283OSt20210910154215.0  a9780195641493 a954.035bB65I1 aBose, Subhas Chandra1 aThe Indian struggle 1920-1942cby Subhas Chandra Bose and edited by Sisir Kumar Bose and Sugata Bose aNew DelhibOxford University Pressc2011 a418p. aNetaji : collected works vvol.2 aIndia; Politics and government; Nationalism; Autonomy and independence movements aBose, Sisir KumareEditor aBose, Sugata eEditor  2ddccBK c5806d5806 00102ddc40708TXBaCURAJbCURAJd2012-06-08eENGg395.00l9o954.035 B65Ip7361r2025-04-08s2025-03-27w2020-09-02yBK